Welcome to CU Library Online Public Access Catalogue (OPAC)

Programmed mathematics of drugs and solutions / (Record no. 7733)

MARC details
000 -LEADER
fixed length control field 00752pam a2200217 i 4500
001 - CONTROL NUMBER
control field 3698771
005 - DATE AND TIME OF LATEST TRANSACTION
control field 20250925152705.0
008 - FIXED-LENGTH DATA ELEMENTS--GENERAL INFORMATION
fixed length control field 790305s1979 pauk p 000 0 eng
020 ## - INTERNATIONAL STANDARD BOOK NUMBER
International Standard Book Number 0397542321
020 ## - INTERNATIONAL STANDARD BOOK NUMBER
International Standard Book Number 9780397542321
050 10 - LIBRARY OF CONGRESS CALL NUMBER
Classification number RS57
Item number .W4 1979
082 00 - DEWEY DECIMAL CLASSIFICATION NUMBER
Classification number 615/.1/01513
100 1# - MAIN ENTRY--PERSONAL NAME
Personal name Weaver, Mabel E.
245 10 - TITLE STATEMENT
Title Programmed mathematics of drugs and solutions /
Statement of responsibility, etc. Mabel E. Weaver, Vera J. Koehler.
260 ## - PUBLICATION, DISTRIBUTION, ETC.
Place of publication, distribution, etc. Philadelphia :
Name of publisher, distributor, etc. J. B. Lippincott Company,
Date of publication, distribution, etc. c1979.
300 ## - PHYSICAL DESCRIPTION
Extent vii, 134 p. :
Other physical details forms ;
Dimensions 23 cm.
500 ## - GENERAL NOTE
General note "1979 revision with intravenous rate calculations and mathematics pretest."
650 #0 - SUBJECT ADDED ENTRY--TOPICAL TERM
Topical term or geographic name entry element Pharmaceutical arithmetic
General subdivision Programmed instruction.
700 1# - ADDED ENTRY--PERSONAL NAME
Personal name Koehler, Vera J.,
Relator term joint author.
942 ## - ADDED ENTRY ELEMENTS (KOHA)
Source of classification or shelving scheme Library of Congress Classification
Koha item type Books
Suppress in OPAC No
999 ## -
-- 7733
-- 7733
Holdings
Withdrawn status Lost status Source of classification or shelving scheme Damaged status Not for loan Collection Home library Current library Shelving location Date acquired Total checkouts Full call number Barcode Date last seen Copy number Price effective from Koha item type
    Library of Congress Classification     Non-fiction Science Library (Miotso) Science Library (Miotso) General stacks 09/25/2025   RS57 .W4 WEA SLM00004411 09/25/2025 1 09/25/2025 Books
© 2023-2024 Copyright: Central University Libraries. All Rights Reserved | Created by: Mahone Tech Office